Catalog

Record Details

Catalog Search



Batman and Robin by Peter J. Tomasi and Patrick ... Read More

Tomasi, Peter,(author.).
Gleason, Patrick,(penciller,, artist.). Gray, Mick,(inker.). ... Read More

Available copies

  • 0 of 1 copy available at LARL/NWRL Consortium.
  • 0 of 1 copy available at Lake Agassiz Regional Library. (Show preferred library)

Current holds

0 current holds with 1 total copy.

Show Only Available Copies
Location Call Number / Copy Notes Barcode Shelving Location Status Due Date
Moorhead Public Library Y G TOM (Text) 33500013944640 Main Checked out 05/30/2026

Record details

  • ISBN: 9781779525628
  • ISBN: 1779525621
  • Physical Description: volumes : color illustrations ; 26 cm
  • Publisher: Burbank, CA : DC Comics, 2024-

Content descriptions

General Note:
"Batman created by Bob Kane with Bill Finger."
v. 1: "Originally published in single magazine form in Batman and Robin (Vol. 1) 20-22, Batman and ... Read More
Summary, etc.:
"Soon to make his big-screen debut, Damian Wayne ... Read More
Subject: Batman (Fictitious character) > Comic books, strips, etc.
Robin, the Boy Wonder (Fictitious character) > Comic books, strips, etc.
Superheroes > Comic books, strips, etc.
Bandes dessinées de superhéros.
Genre: superhero comics.
Superhero comics.
Comics (Graphic works)
Graphic novels.
LDR 02799cam a22005538i 4500
001432730
003LARL_NWRL_CONSORTIUM
00520250214212948.0
008231201m20249999caua 6 000 1 eng
010 . ‡a 2023049286
040 . ‡aDLC ‡beng ‡erda ‡cDLC ‡dBDX ‡dJAS ‡dOCLCO
020 . ‡a9781779525628 ‡q(book 1 ; ‡qpaperback)
020 . ‡a1779525621 ‡q(book 1 ; ‡qpaperback)
035 . ‡a(OCoLC)1414381248
042 . ‡apcc
08200. ‡a741.5/973 ‡223/eng/20231201
1001 . ‡aTomasi, Peter, ‡eauthor. ‡0(LARL_NWRL_CONSORTIUM)190887
24510. ‡aBatman and Robin by Peter J. Tomasi and Patrick Gleason. ‡p#1 / ‡cPeter J. Tomasi, writer ; Patrick Gleason, [and 3 others], pencillers ; Mick Gray, [and 4 others], inkers ; John Kalisz, [and 5 others], colorists ; Carlos M. Mangual, Pat Brosseau, Dezi Sienty, letterers ; Patrick Gleason, Mark Irwin & Alex Sinclair, collection cover artists.
264 1. ‡aBurbank, CA : ‡bDC Comics, ‡c2024-
300 . ‡avolumes : ‡bcolor illustrations ; ‡c26 cm
336 . ‡atext ‡btxt ‡2rdacontent
336 . ‡astill image ‡bsti ‡2rdacontent
337 . ‡aunmediated ‡bn ‡2rdamedia
338 . ‡avolume ‡bnc ‡2rdacarrier
4900 . ‡aBatman and Robin by Peter J. Tomasi and Patrick Gleason ; ‡v1
500 . ‡a"Batman created by Bob Kane with Bill Finger."
500 . ‡av. 1: "Originally published in single magazine form in Batman and Robin (Vol. 1) 20-22, Batman and Robin (Vol. 2) 0-14."--Indicia.
520 . ‡a"Soon to make his big-screen debut, Damian Wayne is the child of Bruce Wayne and his enemy Talia al Ghul - who was trained from birth to be an assassin but instead joined his father's crusade against crime! In these formative Damian stories, he learns a new path by fighting alongside the Dark Knight! Good and evil. Triumph and tragedy. Death and rebirth. This is Batman and Robin as you've never seen them before"-- ‡cProvided by publisher.
60000. ‡aBatman ‡c(Fictitious character) ‡vComic books, strips, etc.
60000. ‡aRobin, ‡cthe Boy Wonder (Fictitious character) ‡vComic books, strips, etc.
650 0. ‡aSuperheroes ‡vComic books, strips, etc.
650 6. ‡aBandes dessinées de superhéros.
655 7. ‡asuperhero comics. ‡2aat
655 7. ‡aSuperhero comics. ‡2lcgft
655 7. ‡aComics (Graphic works) ‡2lcgft
655 7. ‡aGraphic novels. ‡2lcgft
7001 . ‡aGleason, Patrick, ‡epenciller, ‡eartist.
7001 . ‡aGray, Mick, ‡einker.
7001 . ‡aKalisz, John, ‡ecolorist.
7001 . ‡aMangual, Carlos M., ‡eletterer.
7001 . ‡aBrosseau, Pat, ‡eletterer.
7001 . ‡aSienty, Dezi, ‡eletterer.
7001 . ‡aIrwin, Mark, ‡d1969- ‡eartist.
7001 . ‡aSinclair, Alex, ‡eartist. ‡0(LARL_NWRL_CONSORTIUM)189711
901 . ‡a432730 ‡bAUTOGEN ‡c432730 ‡tbiblio

Additional Resources